Movies Quiz

Random Movies or Disney Quiz

Disney Princesses Quiz Stats

 Plays Quiz Updated Mar 19, 2020

     
Support Sporcle.
Go Orange.
Score 0/12 Timer 02:00
9 Plays Today
Year Crowned Princess Name % Correct
1937Snow White
95.7%
1950Cinderella
94.7%
1959Aurora
89.5%
1989Ariel
85.7%
1991Belle
83.4%
1992Jasmine
81.7%
2019Moana
67.4%
1998Mulan
65.1%
2009Tiana
52.9%
1995Pocahontas
52.6%
2013Merida
52.3%
2011Rapunzel
41.8%

From the Vault

Before and After...and After

by jakethegoldfish

Before long, it'll just be one name after another.
Remove Ads.
Support Sporcle.
Get the best of Sporcle when you Go Orange. This ad-free experience offers more features, more stats, and more fun while also helping to support Sporcle. Thank you for becoming a member.

Show Comments

Extras

Top Quizzes Today


Score Distribution

Your Account Isn't Verified!

In order to create a playlist on Sporcle, you need to verify the email address you used during registration. Go to your Sporcle Settings to finish the process.

Report this User

Report this user for behavior that violates our Community Guidelines.

Details: